Asian business & management

Uložené v:
Podrobná bibliografia
Médium: Seriál
Jazyk:English
Vydavateľské údaje: New York Palgrave Macmillan 2012
Predmet:
Tagy: Pridať tag
Žiadne tagy, Buďte prvý, kto otaguje tento záznam!

MARC

LEADER 00000nas2a2200000 4500
001 0227896
005 20170308100702.6
022 |a 1472-4782 
041 0 |a eng 
044 |a US 
245 1 0 |a Asian business & management 
264 1 |a New York  |b Palgrave Macmillan  |c 2012 
773 0 |w eu_un_cat*0082092 
610 2 0 |a manažment 
610 2 0 |a podnikanie 
610 2 0 |a Ázia 
610 2 0 |a politika hospodárska